Padre Pio (Record n. 348985)

Dettagli MARC
000 -LEADER
fixed length control field 01144nam a2200241Ia 4500
001 - CONTROL NUMBER
control field 282.082 092-GAL ji pa (13327)
003 - CONTROL NUMBER IDENTIFIER
control field IT-MiSPE
008 - FIXED-LENGTH DATA ELEMENTS--GENERAL INFORMATION
fixed length control field 171229s9999||||xx |||||||||||||| ||und||
040 ## - CATALOGING SOURCE
Original cataloging agency IT-MiSPE
Transcribing agency IT-MiSPE
041 ## - LANGUAGE CODE
Language code of text/sound track or separate title ITALIANO
999 ## - SYSTEM CONTROL NUMBERS (KOHA)
Koha Dewey Subclass [OBSOLETE] NO
100 ## - MAIN ENTRY--PERSONAL NAME
Personal name Jim Gallagher
240 ## - UNIFORM TITLE
Uniform title Padre Pio the pierced priest: A biography
245 #0 - TITLE STATEMENT
Title Padre Pio
Remainder of title Apparizioni, guarigioni e miracoli nelle testimonianze di chi lo ha conosciuto
250 ## - EDITION STATEMENT
Edition statement 1a ed. (v)
260 ## - PUBLICATION, DISTRIBUTION, ETC. (IMPRINT)
Place of publication, distribution, etc. Cinisello B.mo
Name of publisher, distributor, etc. San Paolo
Date of publication, distribution, etc. 1999
300 ## - PHYSICAL DESCRIPTION
Extent 292 p.
Dimensions 22 cm
490 ## - SERIES STATEMENT
Series statement I protagonisti
Volume/sequential designation 38
501 ## - WITH NOTE
With note Edizioni San Paolo srl - Piazza Soncino, 5 - 20092 CINISELLO BALSAMO (MI) (non commercial uses only) ® Copyright 2018
700 ## - ADDED ENTRY--PERSONAL NAME
Personal name Patrizia Villani
Miscellaneous information (traduzione)
942 ## - ADDED ENTRY ELEMENTS (KOHA)
Koha item type LIBRO
957 ## -
-- 1
999 ## - SYSTEM CONTROL NUMBERS (KOHA)
-- Copie: 1
Dati di copia
Withdrawn status Lost status Damaged status Not for loan Home library Current library Date acquired Total Checkouts Full call number Date last seen Price effective from Koha item type Public note
    Buone Condizioni Not For Loan CINISELLO CINISELLO 30/12/2017   282.082 092-GAL ji pa (13327) 30/12/2017 30/12/2017 LIBRO (data import: 20 dicembre 2017) - By Epidotti, Vaglietti.
CREDITS: SOCIETA' SAN PAOLO Via A.Severo, 58 - ROMA (RM) & PERIODICI SAN PAOLO SRL Via Giotto, 36 MILANO & CISF Via Giotto, 36 MILANO & EDIZIONI SAN PAOLO SRL,  Piazza Soncino, 5 CINISELLO BALSAMO (MI) -- ITALY